MAAC- Notes and Tutorials for Cool Edit (Record no. 1997)

000 -LEADER
fixed length control field 00329nam a2200133Ia 4500
008 - FIXED-LENGTH DATA ELEMENTS--GENERAL INFORMATION
fixed length control field 180730s9999||||xx |||||||||||||| ||und||
020 ## - INTERNATIONAL STANDARD BOOK NUMBER
International Standard Book Number N/A
082 ## - DEWEY DECIMAL CLASSIFICATION NUMBER
Classification number 096
Item number ALI/M
100 ## - MAIN ENTRY--PERSONAL NAME
Personal name Alias Systems Corporation
245 #0 - TITLE STATEMENT
Title MAAC- Notes and Tutorials for Cool Edit
260 ## - PUBLICATION, DISTRIBUTION, ETC.
Place of publication, distribution, etc. Mumbai
Name of publisher, distributor, etc. Autodesk, Inc.
300 ## - PHYSICAL DESCRIPTION
Extent 66p
942 ## - ADDED ENTRY ELEMENTS (KOHA)
Institution code [OBSOLETE] BK
Holdings
Withdrawn status Lost status Damaged status Not for loan Collection code Permanent Location Current Location Date acquired Cost, normal purchase price Full call number Barcode Date last seen Price effective from Koha item type
        School of Animation (Noida) MUIT-NOIDA MUIT-NOIDA 2018-07-30 300.00 096 ALI/M ANM00046 2018-07-30 2018-07-30 Donated Books

All Rights Reserved@MUIT

Powered by Koha